Zatpat Vyaktimatav Kase Sudharal (Record no. 92909)

MARC details
000 -LEADER
fixed length control field 00500nam a2200193Ia 4500
005 - DATE AND TIME OF LATEST TRANSACTION
control field 20251120192926.0
008 - FIXED-LENGTH DATA ELEMENTS--GENERAL INFORMATION
fixed length control field 230125s9999 xx 000 0 und d
020 ## - INTERNATIONAL STANDARD BOOK NUMBER
International Standard Book Number 81-7418-171-7
041 ## - LANGUAGE CODE
Language code of text/sound track or separate title eng
082 ## - DEWEY DECIMAL CLASSIFICATION NUMBER
Classification number 158.1
Item number PAW
100 ## - MAIN ENTRY--PERSONAL NAME
Author Pawar P
245 ## - TITLE STATEMENT
Title Zatpat Vyaktimatav Kase Sudharal
260 ## - PUBLICATION, DISTRIBUTION, ETC.
Date of publication, distribution, etc. 2002
Name of publisher, distributor, etc. Indrayani Sahitya
Place of publication, distribution, etc. Pune
300 ## - PHYSICAL DESCRIPTION
Extent 92p
500 ## - GENERAL NOTE
Keywords Personality Development
650 ## - SUBJECT ADDED ENTRY--TOPICAL TERM
Topical term or geographic name entry element Personality Development
700 ## - ADDED ENTRY--PERSONAL NAME
Personal name Pawar P
942 ## - ADDED ENTRY ELEMENTS (KOHA)
Koha item type Donated Book
Holdings
Withdrawn status Lost status Damaged status Not for loan Home library Current library Date acquired Vendor Full call number Barcode Date last seen Bill Date Koha item type Original Barcode
        Smt. Hiraben Nanavati Institute of Management & Research for Women Smt. Hiraben Nanavati Institute of Management & Research for Women 13/11/2006 Satya Gilani 158.1 PAW DB1123 HIMR-DB-1123 25/01/2023 13/11/2006 Donated Book DB1123